000 01717nam a2200241Ia 4500
008 260220t1946||||xx |||||||||||||| ||spa||
040 _aPY-SlUNAC
_bspa
_erda
041 _aspa
082 _a101
_bM597i
100 _aMeumann, E.
_eAutor
245 0 _aIntroducción a la estética actual /
_cpor E. Meumann [Autor]
264 _aBuenos Aires :
_bEspasa-Calpe,
_c℗1946.
300 _a1 volumen
520 _aEn "Introducción a la estética actual", E. Meumann ofrece un análisis exhaustivo de las corrientes estéticas que han emergido en el contexto del siglo XX, explorando sus fundamentos filosóficos y su impacto en las artes. El autor examina cómo los cambios sociales y culturales han influido en la percepción del arte, destacando la transición desde el arte clásico hacia las vanguardias que desafían las normas establecidas. A través de una metodología crítica, Meumann aborda temas como la subjetividad en la apreciación estética, la relación entre el arte y la realidad, y la función del artista en la sociedad contemporánea. Su enfoque incluye la comparación de diversas teorías estéticas, lo que permite al lector entender las tensiones y diálogos entre diferentes perspectivas, desde el formalismo hasta el expresionismo. Este libro se convierte así en una herramienta fundamental para estudiantes y profesionales interesados en profundizar en las complejidades de la estética moderna y sus implicaciones en la creación artística.
653 _aArte
653 _aEstética
653 _aFilosofía
942 _b2026/02/17
_cBK
999 _c6707
_d6707